Statistiken für 12 Monate in 15 Sekunden

Klicken Sie hier um das Quiz zu spielen!

Allgemein

  • Dieses Quiz wurde 5.748 mal gespielt
  • Das Durchschnittsergebnis liegt bei 7 aus 12

Antwortstatistiken

Monate% Korrekt
Januar
96%
Februar
89%
März
86%
April
81%
Mai
81%
Juni
79%
Juli
74%
August
59%
September
39%
Oktober
24%
November
17%
Dezember
15%

Verteilung der Resultate

Perzentil nach korrekt beantworteten Fragen

Anzahl Personen mit jedem Resultat

Ihre Resultats-Entwicklung

Sie haben dieses Quiz noch nicht gespielt